000
00282nam a22001337a 4500
008
170301b xxu||||| |||| 00| 0 eng d
020
_a
9780781737388
041
_a
eng
080
_a
61
100
_a
6
101
_a
SHM
245
_a
ANESTHESIOLOGY
_c
GLIDDEN, R.S
942
_2
udc
_c
BK
999
_c
6521
_d
6521